[Event "SVK-chT5 SE-SI 2122"]
[Site "Slovakia"]
[Date "2022.02.26"]
[Round "4.2"]
[White "Ralbovsky, Dominik"]
[Black "Tutka, Stepan"]
[Result "1-0"]
[WhiteElo "1324"]
[BlackElo "1091"]
[PlyCount "99"]
[EventDate "2021.11.06"]
[EventType "team-tourn"]
[EventRounds "9"]
[EventCountry "SVK"]
[SourceTitle "EXT 2024"]
[Source "ChessBase"]
[SourceDate "2023.10.10"]
[SourceVersion "1"]
[SourceVersionDate "2023.10.10"]
[SourceQuality "1"]
[WhiteTeam "Gbely Interchess"]
[BlackTeam "Skalica III"]
[WhiteTeamCountry "SVK"]
[BlackTeamCountry "SVK"]

1. c3 e5 2. d4 d6 3. dxe5 dxe5 4. Qxd8+ Kxd8 5. e4 Nf6 6. f3 Be6 7. Be3 Nbd7 8. Nd2 Nb6 9. a3 Bd6 10. Bxb6 cxb6 11. Bc4 Bxc4 12. Nxc4 Ke7 13. Ne2 Rac8 14. Ne3 g6 15. 0-0-0 Rhd8 16. Nd5+ Nxd5 17. Rxd5 a6 18. Rhd1 Rc5 19. Kc2 h5 20. h3 g5 21. Ng3 Rxd5 22. Rxd5 h4 23. Nf5+ Ke6 24. a4 Bc7 25. c4 b5 26. Rxd8 Bxd8 27. axb5 axb5 28. cxb5 Bb6 29. Kc3 Bc5 30. b6 Bxb6 31. Kc4 Bf2 32. Kb5 b6 33. Kc6 Bc5 34. b3 f6 35. Kc7 Kf7 36. Kd7 Kg6 37. Ke6 Bf2 38. b4 Be1 39. b5 Bc3 40. Nd6 g4 41. fxg4 Kg5 42. Ne8 Kf4 43. Nxf6 Kg3 44. g5 Kxg2 45. g6 Kxh3 46. g7 Kg2 47. g8Q+ Kf1 48. Qg4 Be1 49. Qf3+ Bf2 50. Ng4 1-0

[Event "Skalica op-B"]
[Site "Skalica"]
[Date "2021.08.29"]
[Round "9"]
[White "Ralbovsky, Dominik"]
[Black "Ihnat, Marek"]
[Result "1-0"]
[WhiteElo "1232"]
[BlackElo "1459"]
[PlyCount "107"]
[EventDate "2021.08.21"]
[EventType "swiss"]
[EventRounds "9"]
[EventCountry "SVK"]
[SourceTitle "CBM 204 Extra"]
[Source "ChessBase"]
[SourceDate "2021.11.30"]
[SourceVersion "1"]
[SourceVersionDate "2021.11.30"]
[SourceQuality "1"]

1. Nf3 f5 2. c4 Nf6 3. b3 e6 4. g3 d5 5. Ba3 Bxa3 6. Nxa3 Qe7 7. Qc1 c6 8. Ne5 Nbd7 9. f4 0-0 10. d4 Qb4+ 11. Kf2 Ne4+ 12. Kg2 Qe7 13. h4 Rf6 14. cxd5 exd5 15. e3 Qe8 16. Be2 h5 17. Nc2 g6 18. Ne1 Kg7 19. N1f3 Qe7 20. Bd3 Nf8 21. Qb2 Ne6 22. Bxe4 fxe4 23. Ng5 Nxg5 24. hxg5 Rf8 25. b4 a6 26. Qc3 Rh8 27. Rh4 Bf5 28. a4 Qd6 29. a5 Qe7 30. Qc5 Qd8 31. Rah1 Qc7 32. g4 hxg4 33. Rxh8 Rxh8 34. Rxh8 Kxh8 35. Qf8+ Kh7 36. Nf7 Qc8 37. Qxc8 Bxc8 38. Nd6 Be6 39. Nxb7 Kg7 40. Kg3 Kf8 41. Nc5 Bc8 42. Na4 Ke7 43. Nc3 Kd6 44. Ne2 Bf5 45. Nc3 Bd7 46. Nd1 Bf5 47. Nf2 Bd7 48. Nxg4 Bxg4 49. Kxg4 Ke6 50. f5+ gxf5+ 51. Kf4 Ke7 52. Kxf5 Kf7 53. g6+ Kg7 54. Kg5 1-0

[Event "Skalica op-B"]
[Site "Skalica"]
[Date "2021.08.24"]
[Round "4"]
[White "Ralbovsky, Dominik"]
[Black "Romanova, Ela"]
[Result "1/2-1/2"]
[WhiteElo "1232"]
[BlackElo "1505"]
[PlyCount "90"]
[EventDate "2021.08.21"]
[EventType "swiss"]
[EventRounds "9"]
[EventCountry "SVK"]
[SourceTitle "CBM 204 Extra"]
[Source "ChessBase"]
[SourceDate "2021.11.30"]
[SourceVersion "1"]
[SourceVersionDate "2021.11.30"]
[SourceQuality "1"]

1. d4 d5 2. Bf4 e6 3. c4 Bd6 4. Bxd6 Qxd6 5. c5 Qe7 6. Nf3 f5 7. e3 c6 8. Ne5 Qh4 9. Be2 Nf6 10. Nd2 Nbd7 11. Ndf3 Qh6 12. b4 0-0 13. b5 Nxe5 14. Nxe5 Bd7 15. Nxd7 Nxd7 16. bxc6 bxc6 17. Qa4 Qg5 18. Qxc6 Qxg2 19. Kd2 Nf6 20. Qxe6+ Kh8 21. Rhf1 Ne4+ 22. Ke1 f4 23. Qg4 f3 24. Qxg2 fxg2 25. Rg1 Rxf2 26. Rc1 Raf8 27. c6 h5 28. c7 Nd6 29. c8Q Nxc8 30. Rxc8 Rxe2+ 31. Kxe2 Rxc8 32. Rxg2 Kh7 33. Kd3 Kh6 34. h4 Rd8 35. Rg5 g6 36. e4 dxe4+ 37. Kxe4 Kg7 38. Ke5 Kf7 39. d5 Re8+ 40. Kd6 Re4 41. Kc5 Rxh4 42. d6 Rh1 43. d7 Rd1 44. Kc6 Rc1+ 45. Kb7 Ke7 1/2-1/2

[Event "SVK-ch U18/20"]
[Site "Stara Lubovna"]
[Date "2021.07.02"]
[Round "8"]
[White "Ralbovsky, Dominik"]
[Black "Ciglian, Michal"]
[Result "1/2-1/2"]
[WhiteElo "1191"]
[BlackElo "1746"]
[PlyCount "67"]
[EventDate "2021.06.26"]
[EventType "swiss"]
[EventRounds "9"]
[EventCountry "SVK"]
[SourceTitle "CBM 203 Extra"]
[Source "ChessBase"]
[SourceDate "2021.09.30"]
[SourceVersion "1"]
[SourceVersionDate "2021.09.30"]
[SourceQuality "1"]

1. e4 e5 2. Nf3 Nc6 3. d4 exd4 4. Nxd4 Bc5 5. Be3 Qf6 6. c3 Nge7 7. Qd2 0-0 8. Nb5 Bxe3 9. Qxe3 Ng6 10. Nxc7 Rb8 11. Nd5 Qd6 12. Nd2 f5 13. Bc4 Kh8 14. 0-0-0 b5 15. Bb3 f4 16. Qe2 a5 17. Nf3 Qc5 18. c4 a4 19. Bc2 Nce5 20. cxb5 Rxb5 21. Nc3 Rb8 22. Rd5 Qe7 23. Bxa4 d6 24. Rhd1 Rb6 25. Nxe5 Nxe5 26. f3 Be6 27. Bc2 Rfb8 28. b3 Rc6 29. Rb5 Rbc8 30. Nd5 Rxc2+ 31. Qxc2 Rxc2+ 32. Kxc2 Qa7 33. a4 h6 34. Nxf4 1/2-1/2

[Event "SVK-ch U18/20"]
[Site "Stara Lubovna"]
[Date "2021.06.30"]
[Round "6"]
[White "Ralbovsky, Dominik"]
[Black "Rybovic, Nikolas"]
[Result "1/2-1/2"]
[WhiteElo "1191"]
[BlackElo "1434"]
[PlyCount "58"]
[EventDate "2021.06.26"]
[EventType "swiss"]
[EventRounds "9"]
[EventCountry "SVK"]
[SourceTitle "CBM 203 Extra"]
[Source "ChessBase"]
[SourceDate "2021.09.30"]
[SourceVersion "1"]
[SourceVersionDate "2021.09.30"]
[SourceQuality "1"]

1. e4 e5 2. Nf3 Nc6 3. d4 exd4 4. Nxd4 Nxd4 5. Qxd4 d6 6. Bf4 Be6 7. Nc3 Nf6 8. 0-0-0 Be7 9. e5 dxe5 10. Qxd8+ Rxd8 11. Rxd8+ Bxd8 12. Bxe5 0-0 13. Nb5 c6 14. Nd4 Ng4 15. Bg3 Bd5 16. c4 Be6 17. h3 Nf6 18. Nxe6 fxe6 19. Bd3 Nh5 20. Re1 Nxg3 21. fxg3 Rf2 22. Re2 Rxe2 23. Bxe2 Bc7 24. g4 Kf7 25. Bd3 h6 26. Kd2 Kf6 27. Ke3 Ke5 28. Be4 g5 29. a4 a5 1/2-1/2

[Event "SVK-ch U18/20"]
[Site "Stara Lubovna"]
[Date "2021.06.28"]
[Round "4"]
[White "Svorad, Tomas"]
[Black "Ralbovsky, Dominik"]
[Result "0-1"]
[WhiteElo "1000"]
[BlackElo "1191"]
[PlyCount "39"]
[EventDate "2021.06.26"]
[EventType "swiss"]
[EventRounds "9"]
[EventCountry "SVK"]
[SourceTitle "CBM 203 Extra"]
[Source "ChessBase"]
[SourceDate "2021.09.30"]
[SourceVersion "1"]
[SourceVersionDate "2021.09.30"]
[SourceQuality "1"]

1. e4 d5 2. exd5 Qxd5 3. Nc3 Qa5 4. d4 c6 5. Nf3 Bg4 6. Be2 e6 7. a3 Nd7 8. Bf4 Ngf6 9. b4 Qd8 10. 0-0 Nd5 11. Nxd5 cxd5 12. Re1 Rc8 13. Rc1 a5 14. Qd2 Nf6 15. h3 Ne4 16. Qe3 Rc3 17. Bb5+ Ke7 18. Bd6+ Nxd6 19. Qxc3 Bxf3 20. Qxf3 0-1

[Event "SVK-ch U20"]
[Site "Lubovna"]
[Date "2020.08.17"]
[Round "4"]
[White "Vanco, Michal"]
[Black "Ralbovsky, Dominik"]
[Result "0-1"]
[WhiteElo "1000"]
[BlackElo "1165"]
[PlyCount "66"]
[EventDate "2020.08.15"]
[EventType "swiss"]
[EventRounds "9"]
[EventCountry "SVK"]
[SourceTitle "EXT 2021"]
[Source "ChessBase"]
[SourceDate "2020.10.23"]
[SourceVersion "1"]
[SourceVersionDate "2020.10.23"]
[SourceQuality "1"]

1. e4 d5 2. exd5 Qxd5 3. d3 c6 4. Nc3 Qa5 5. Bd2 Qc7 6. Nf3 Bf5 7. Nh4 Bg6 8. Be2 e6 9. 0-0 Nd7 10. h3 Ngf6 11. a3 a6 12. Bg5 Bc5 13. b4 Ba7 14. d4 0-0-0 15. Nxg6 hxg6 16. Bf3 Bb8 17. g3 e5 18. Bg4 Ba7 19. Be3 Kb8 20. Qd3 Ka8 21. Ne4 exd4 22. Bxd4 Ne5 23. Bxe5 Qxe5 24. Qb3 Qxe4 25. Bf3 Qe6 26. h4 Qxb3 27. cxb3 Rd3 28. Bd1 Re8 29. Bc2 Rd2 30. Rac1 Ree2 31. Bb1 Rxf2 32. Rfe1 Rh2+ 33. Kf1 Rh1# 0-1

[Event "SVK-chT5 SE-SI 1920"]
[Site "Slovakia"]
[Date "2020.06.27"]
[Round "9.3"]
[White "Tutkova, Ludmila"]
[Black "Ralbovsky, Dominik"]
[Result "0-1"]
[WhiteElo "1241"]
[BlackElo "1115"]
[PlyCount "120"]
[EventDate "2019.10.19"]
[EventType "team-tourn"]
[EventRounds "14"]
[EventCountry "SVK"]
[SourceTitle "EXT 2022"]
[Source "ChessBase"]
[SourceDate "2021.10.06"]
[SourceVersion "1"]
[SourceVersionDate "2021.10.06"]
[SourceQuality "1"]
[WhiteTeam "Skalica IV"]
[BlackTeam "Gbely Nafta IV"]
[WhiteTeamCountry "SVK"]
[BlackTeamCountry "SVK"]

1. e4 d5 2. exd5 Qxd5 3. Nc3 Qa5 4. Nf3 Bf5 5. Bc4 e6 6. b3 c6 7. Qe2 Bxc2 8. Bb2 Bg6 9. 0-0 Nd7 10. Ne4 Bxe4 11. Qxe4 Ngf6 12. Bxf6 Nxf6 13. Qe5 Qxe5 14. Nxe5 Bb4 15. d4 Bc3 16. Rad1 Rd8 17. Nf3 0-0 18. Rd3 Ba5 19. Rdd1 Rd6 20. Be2 Rfd8 21. Rd3 Bb6 22. Rfd1 Nd5 23. R3d2 Nc3 24. Re1 Bxd4 25. Bd3 Bf6 26. Re3 a6 27. a3 Nd5 28. Re4 Bc3 29. Rd1 Ba5 30. Rd4 Bb6 31. Rc4 Nf6 32. Rc3 Ne4 33. Rc4 Nxf2 34. Bxh7+ Kxh7 35. Rxd6 Rxd6 36. Kf1 Nd3 37. Ng5+ Kg6 38. Rg4 Rd4 39. Ne4+ Kf5 40. Rxg7 Kxe4 41. h4 Nf4 42. Ke1 Bd8 43. g3 Bxh4 44. gxh4 Rd3 45. Rxf7 Rxb3 46. Rh7 Ke3 47. Kd1 Rb2 48. h5 c5 49. h6 c4 50. Rc7 b5 51. h7 Rh2 52. a4 bxa4 53. Rxc4 Rxh7 54. Rxa4 Rd7+ 55. Kc2 Rd6 56. Ra3+ Nd3 57. Ra5 Rd5 58. Rxa6 Nb4+ 59. Kc3 Nxa6 60. Kc4 Rd8 0-1

[Event "SVK-chT5 SE-SI 1920"]
[Site "Slovakia"]
[Date "2020.02.29"]
[Round "8.3"]
[White "Kaufmanova, Karin"]
[Black "Ralbovsky, Dominik"]
[Result "1/2-1/2"]
[WhiteElo "1134"]
[BlackElo "1115"]
[PlyCount "51"]
[EventDate "2019.10.19"]
[EventType "team-tourn"]
[EventRounds "14"]
[EventCountry "SVK"]
[SourceTitle "CBM 195 Extra"]
[Source "ChessBase"]
[SourceDate "2020.05.31"]
[SourceVersion "1"]
[SourceVersionDate "2020.05.31"]
[SourceQuality "1"]
[WhiteTeam "Senica CVC III"]
[BlackTeam "Gbely Nafta IV"]
[WhiteTeamCountry "SVK"]
[BlackTeamCountry "SVK"]

1. e4 d5 2. e5 d4 3. Nf3 c5 4. Bc4 e6 5. d3 Bd7 6. 0-0 Bc6 7. Bd2 Qb6 8. b3 Nd7 9. c3 Bxf3 10. Qxf3 Nxe5 11. Qe4 Nxc4 12. dxc4 Nf6 13. Qc2 dxc3 14. Nxc3 g6 15. a3 Bg7 16. Rab1 Rd8 17. b4 Qd6 18. Bg5 Qe5 19. Be3 Ng4 20. Rfe1 Qxc3 21. Qa4+ Rd7 22. Bxc5 Qxc4 23. Rbd1 b5 24. Qa6 Rxd1 25. Qc6+ Rd7 26. Qc8+ 1/2-1/2

[Event "SVK-chT4 A21 1819"]
[Site "Slovakia"]
[Date "2019.03.03"]
[Round "10.5"]
[White "Svarc, Vaclav"]
[Black "Ralbovsky, Dominik"]
[Result "0-1"]
[WhiteElo "1178"]
[BlackElo "1124"]
[PlyCount "68"]
[EventDate "2018.10.14"]
[EventType "team-tourn"]
[EventRounds "11"]
[EventCountry "SVK"]
[SourceTitle "CBM 189 Extra"]
[Source "ChessBase"]
[SourceDate "2019.05.31"]
[SourceVersion "1"]
[SourceVersionDate "2019.05.31"]
[SourceQuality "1"]
[WhiteTeam "Brezova pod Bradlom"]
[BlackTeam "Gbely Nafta III"]
[WhiteTeamCountry "SVK"]
[BlackTeamCountry "SVK"]

1. e4 e6 2. d4 c5 3. c3 cxd4 4. cxd4 Bb4+ 5. Nc3 Nf6 6. Bd3 Qa5 7. Bd2 Nc6 8. a3 Bxc3 9. Bxc3 Qg5 10. e5 Qxg2 11. Qf3 Qxf3 12. Nxf3 Nd5 13. Rg1 g6 14. 0-0-0 0-0 15. Kb1 f6 16. Bd2 fxe5 17. Nxe5 Nxe5 18. dxe5 b6 19. f4 Bb7 20. Rdf1 Kh8 21. Be4 Nc3+ 22. Bxc3 Bxe4+ 23. Ka1 Rf5 24. Ka2 Rc8 25. Kb3 Bd5+ 26. Kc2 Rc4 27. Rg4 Rxe5 28. f5 Rxg4 29. fxe6 Bxe6 30. Rf8+ Kg7 31. Ra8 Rc4 32. b3 Rxc3+ 33. Kxc3 a5 34. b4 Re3+ 0-1

[Event "SVK-chT5 SE-SI 1819"]
[Site "Slovakia"]
[Date "2019.02.09"]
[Round "7.3"]
[White "Ralbovsky, Dominik"]
[Black "Mudroch, Martin"]
[Result "0-1"]
[WhiteElo "1121"]
[BlackElo "1339"]
[PlyCount "104"]
[EventDate "2018.10.20"]
[EventType "team-tourn"]
[EventRounds "10"]
[EventCountry "SVK"]
[SourceTitle "CBM 189 Extra"]
[Source "ChessBase"]
[SourceDate "2019.05.31"]
[SourceVersion "1"]
[SourceVersionDate "2019.05.31"]
[SourceQuality "1"]
[WhiteTeam "Gbely Nafta IV"]
[BlackTeam "Senica CVC IV"]
[WhiteTeamCountry "SVK"]
[BlackTeamCountry "SVK"]

1. e4 c6 2. Nf3 d5 3. exd5 cxd5 4. Bb5+ Bd7 5. Qe2 e6 6. Nc3 Bd6 7. Nxd5 a6 8. Bd3 Ne7 9. Nc3 Nbc6 10. b3 Qc7 11. Ng5 h6 12. Qh5 g6 13. Qh4 Bf4 14. Nce4 Bxg5 15. Nf6+ Bxf6 16. Qxf6 Qe5+ 17. Qxe5 Nxe5 18. Be4 Bc6 19. Bb2 Bxe4 20. Bxe5 Rg8 21. f3 Bxc2 22. Rc1 Bd3 23. Rc7 Nc6 24. Bg3 Rd8 25. Kf2 Rd7 26. Rc8+ Nd8 27. Rhc1 Ke7 28. Ke3 Bb5 29. d4 Bc6 30. Be5 f6 31. Bg3 Re8 32. Re1 Nf7 33. Rb8 Rxb8 34. Bxb8 Nd6 35. Ba7 Nf5+ 36. Kf2 Nxd4 37. Rd1 Nb5 38. Rxd7+ Kxd7 39. Bc5 Bd5 40. Bb4 e5 41. Ke3 Ke6 42. Bd2 f5 43. a4 Nd6 44. Kd3 e4+ 45. Ke2 h5 46. b4 exf3+ 47. gxf3 Nc4 48. Bh6 Ne5 49. f4 Ng4 50. Bg5 Nxh2 51. b5 axb5 52. axb5 Bc4+ 0-1

[Event "SVK-chT5 1718"]
[Site "Slovakia"]
[Date "2018.03.03"]
[Round "8.4"]
[White "Buraj, Patrik"]
[Black "Ralbovsky, Dominik"]
[Result "0-1"]
[WhiteElo "1000"]
[BlackElo "1112"]
[PlyCount "114"]
[EventDate "2017.10.21"]
[EventType "team-tourn"]
[EventRounds "9"]
[EventCountry "SVK"]
[SourceTitle "EXT 2020"]
[Source "ChessBase"]
[SourceDate "2019.10.17"]
[SourceVersion "1"]
[SourceVersionDate "2019.10.17"]
[SourceQuality "1"]
[WhiteTeam "Borsky Mikulas"]
[BlackTeam "Gbely Nafta IV"]
[WhiteTeamCountry "SVK"]
[BlackTeamCountry "SVK"]

1. e4 d5 2. Nc3 dxe4 3. Nxe4 Bf5 4. Nc3 e6 5. Nf3 Nf6 6. Bb5+ c6 7. Ba4 Nbd7 8. 0-0 h6 9. d4 Nb6 10. Bb3 Bb4 11. Ne5 0-0 12. a3 Ba5 13. Bf4 Nbd5 14. Nxd5 Nxd5 15. Bxd5 cxd5 16. Qf3 Rc8 17. Qg3 Qf6 18. Nd7 Qg6 19. Nxf8 Qxg3 20. Bxg3 Kxf8 21. c3 a6 22. Rac1 Bd8 23. Bf4 Be7 24. Rfe1 b5 25. Re3 Kg8 26. Rg3 Kh7 27. Be5 g5 28. f4 f6 29. fxg5 hxg5 30. Rh3+ Bxh3 31. gxh3 fxe5 32. dxe5 a5 33. Rf1 Rf8 34. Rxf8 Bxf8 35. Kf2 Kg6 36. Ke3 Bc5+ 37. Kd3 Kf5 38. a4 bxa4 39. c4 Kxe5 40. Kc3 Ke4 41. cxd5 exd5 42. b3 axb3 43. Kxb3 Kd3 44. Ka4 Ke3 45. Kxa5 Bb4+ 46. Kb5 d4 47. Kc6 d3 48. Kd5 d2 49. Ke5 d1Q 50. Kf5 Bd6 51. Kxg5 Bxh2 52. h4 Qc1 53. Kg6 Qg1+ 54. Kh6 Be5 55. Kh5 Qg3 56. Kh6 Qg4 57. h5 Qg7# 0-1

[Event "SVK-chT4 A21 1617"]
[Site "Slovakia"]
[Date "2017.03.12"]
[Round "11.4"]
[White "Ralbovsky, Dominik"]
[Black "Buran, Andrej"]
[Result "0-1"]
[WhiteElo "1000"]
[BlackElo "1627"]
[PlyCount "56"]
[EventDate "2016.10.09"]
[EventType "team-tourn"]
[EventRounds "11"]
[EventCountry "SVK"]
[SourceTitle "EXT 2020"]
[Source "ChessBase"]
[SourceDate "2019.10.17"]
[SourceVersion "1"]
[SourceVersionDate "2019.10.17"]
[SourceQuality "1"]
[WhiteTeam "Gbely Nafta III"]
[BlackTeam "Senica CVC II"]
[WhiteTeamCountry "SVK"]
[BlackTeamCountry "SVK"]

1. e4 e5 2. Nf3 Nc6 3. Bc4 Bc5 4. 0-0 d6 5. d3 Bg4 6. Nbd2 Qd7 7. Nb3 0-0-0 8. Bg5 f6 9. Bh4 g5 10. Bg3 f5 11. h3 Bh5 12. Qd2 Bxf3 13. gxf3 f4 14. Kg2 fxg3 15. Qxg5 Bxf2 16. Qg4 Qxg4 17. hxg4 Nge7 18. Rh1 Ng6 19. Be6+ Kb8 20. Bf5 Nf4+ 21. Kf1 g2+ 22. Kxf2 gxh1Q 23. Rxh1 Nd4 24. Na1 Nxf5 25. exf5 h5 26. gxh5 Rxh5 27. Rf1 Rh2+ 28. Ke3 Re2# 0-1

[Event "SVK-chT5 SE-SI 1617"]
[Site "Slovakia"]
[Date "2016.11.26"]
[Round "3.1"]
[White "Benak, Peter"]
[Black "Ralbovsky, Dominik"]
[Result "1-0"]
[WhiteElo "1576"]
[BlackElo "1000"]
[PlyCount "57"]
[EventDate "2016.10.15"]
[EventType "team-tourn"]
[EventRounds "9"]
[EventCountry "SVK"]
[SourceTitle "EXT 2018"]
[Source "ChessBase"]
[SourceDate "2017.10.13"]
[SourceVersion "1"]
[SourceVersionDate "2017.10.13"]
[SourceQuality "1"]
[WhiteTeam "Holic IV"]
[BlackTeam "Gbely Nafta V"]
[WhiteTeamCountry "SVK"]
[BlackTeamCountry "SVK"]

1. e4 e5 2. Nf3 Nc6 3. Bc4 h6 4. 0-0 d6 5. Nc3 Nf6 6. d3 Bg4 7. Be3 Qd7 8. Nd5 0-0-0 9. a3 Nh5 10. b4 a6 11. c3 g5 12. a4 f5 13. b5 f4 14. bxc6 Qxc6 15. Bd2 b5 16. axb5 axb5 17. Nb4 bxc4 18. Nxc6 cxd3 19. Nxd8 Kxd8 20. Ra8+ Ke7 21. Qb3 Bxf3 22. gxf3 Nf6 23. Rfa1 g4 24. fxg4 Nxe4 25. R1a7 Kf6 26. Rxc7 Nxd2 27. Qf7+ Kg5 28. Qf5+ Kh4 29. Qh5# 1-0